| 000 | 00502nam a22001697a 4500 | ||
|---|---|---|---|
| 020 | _a9788120337510 | ||
| 082 | _a621.3827 FRI | ||
| 100 | _aFriberg, Ari T. | ||
| 245 | _aAdvances in information optics and photonics | ||
| 260 |
_aNew Delhi, India _bPHI Learning _c2008 |
||
| 300 |
_a724 p. _bill. ; |
||
| 490 | _aPress monograph ; PM183 | ||
| 500 | _aIncludes bibliographical references and index. | ||
| 650 | _a1. Optical communications. 2. Photonics. | ||
| 700 | _aDandliker, Rene | ||
| 942 | _cBK | ||
| 999 |
_c12392 _d12392 |
||